KOHA-Header-6

Marketing Research an Applied Approach (Record no. 1379)

000 -LEADER
fixed length control field 00303nam a2200121Ia 4500
008 - FIXED-LENGTH DATA ELEMENTS--GENERAL INFORMATION
fixed length control field 190723s9999 xx 000 0 und d
100 ## - MAIN ENTRY--PERSONAL NAME
Personal name Tomas C.Kinnear
245 #0 - TITLE STATEMENT
Title Marketing Research an Applied Approach
250 ## - EDITION STATEMENT
Edition statement 5th
260 ## - PUBLICATION, DISTRIBUTION, ETC. (IMPRINT)
Place of publication, distribution, etc New York
Name of publisher, distributor, etc McGraw Hill
Date of publication, distribution, etc 2003
300 ## - PHYSICAL DESCRIPTION
Extent 881.:P
942 ## - ADDED ENTRY ELEMENTS (KOHA)
Koha item type Books
Holdings
Withdrawn status Lost status Damaged status Not for loan Collection code Permanent Location Current Location Shelving location Date acquired Full call number Barcode Date last seen Price effective from Koha item type
        Marketing MAJU MAJU   2019-07-23 658.83 8003 2019-07-23 2019-07-23 Marketing

Powered by Koha